Technical due diligence of commercial property (Record no. 121183)
[ view plain ]
| 000 -LEADER | |
|---|---|
| fixed length control field | 01944nam a22002417a 4500 |
| 001 - CONTROL NUMBER | |
| control field | 121183 |
| 008 - FIXED-LENGTH DATA ELEMENTS--GENERAL INFORMATION | |
| fixed length control field | 160218b2020 xxu||||| |||| 00| 0 eng d |
| 020 ## - INTERNATIONAL STANDARD BOOK NUMBER | |
| ISBN | 9781783213788 |
| 041 ## - LANGUAGE CODE | |
| Language code of text/sound track or separate title | eng |
| 110 ## - MAIN ENTRY--CORPORATE NAME | |
| Corporate author | Royal Institution of Chartered Surveyors |
| 245 ## - TITLE STATEMENT | |
| Title | Technical due diligence of commercial property |
| 250 ## - EDITION | |
| Edition statement | 1st |
| 260 ## - PUBLICATION INFORMATION | |
| Place of publication | London |
| Publisher | RICS |
| Date | 2020 |
| 300 ## - PHYSICAL DESCRIPTION | |
| Physical description | 36p |
| 490 ## - SERIES TITLE | |
| Series statement | RICS Professional Standards and Guidance |
| Volume | Global |
| 520 ## - ABSTRACT | |
| Abstract | Provides technical due diligence guidance suitable for all stages of the property cycle for commercial and industrial properties including acquisition (financing or refinancing, operation and operation, disposal and refurbishment or development. Suitable for all types of commercial and industrial property. Covers liability management including the shelf life of the report and stresses the importance of access to data about the property. Effective from 1 April 2020. |
| 520 ## - ABSTRACT | |
| Abstract | This 1st edition global RICS guidance note is effective three months after publication. Supersedes the following RICS publications and any associated translations: <br/>• Building surveys and technical due diligence of commercial property, England and Wales (4th edition) RICS guidance note (ISBN 9781842196274)<br/>• Technical due diligence of commercial and industrial property, Australia, (1st edition) RICS guidance note.<br/>• Technical due diligence of commercial and industrial property, New Zealand, (1st edition) RICS guidance note.<br/>• Technical due diligence of commercial, industrial and residential property in Continental Europe (1st edition), RICS guidance note |
| 650 ## - KEYWORDS | |
| Keywords | Due diligence |
| 651 ## - SUBJECT ADDED ENTRY--GEOGRAPHIC NAME | |
| Geographic name | International |
| 690 ## - BROAD SUBJECT | |
| 9 (RLIN) | 6227 |
| Broad subject | Commercial property |
| 856 ## - ONLINE RESOURCE | |
| Uniform Resource Identifier | <a href="https://www.rics.org/profession-standards/rics-standards-and-guidance/sector-standards/real-estate-standards/technical-due-diligence-of-commercial-property">https://www.rics.org/profession-standards/rics-standards-and-guidance/sector-standards/real-estate-standards/technical-due-diligence-of-commercial-property</a> |
| Public note | Available free on RICS.org |
| 942 ## - ADDED ENTRY ELEMENTS (KOHA) | |
| Suppress in OPAC | Do not suppress in OPAC |
| Lost status | Source of classification or shelving scheme | Damaged status | Not for loan | Home library | Current library | Shelving location | Date acquired | Total Checkouts | Date last seen | Price effective from | Koha item type |
|---|---|---|---|---|---|---|---|---|---|---|---|
| Dewey Decimal Classification | Virtual | Virtual | Online | 20/01/2020 | 23/03/2023 | 20/01/2020 | Online material |